000 00767nam a2200217Ia 4500
005 20250108124846.0
008 008 250107s9999 xx 000 0 hin d
037 _aTB
040 _aCRL
_bhin
_cCRL
041 _ahin
_2hin
084 _aO153:g(P) R2
084 _qCRL
100 _aसाहनी, भीष्म, ले.
245 0 _aकबीरा खड़ा बजार में
_cसाहनी, भीष्म, ले.
260 _aनई दिल्ली, भारत
_bराजकमल प्रकाशन
_c2466
300 _a103पृ0
365 _aINR
_b200
650 _aहिन्दी कहानीहिन्दी साहित्य
_9729733
942 _cTB
_hO153:g(P) R2
999 _c1234854
_d1234854